Central Library OPAC University of Rajshahi

فارسي نثرکی تاریخی ;; History of Persian Prose / (Record no. 84967)

MARC details
000 -LEADER
fixed length control field 00894nam a2200217 4500
001 - CONTROL NUMBER
control field 84967
003 - CONTROL NUMBER IDENTIFIER
rucl marc code BD-RjUL
005 - DATE AND TIME OF LATEST TRANSACTION
control field 20250521113844.0
008 - FIXED-LENGTH DATA ELEMENTS--GENERAL INFORMATION
fixed length control field 250521s1981 ii ||||| |||| 00| 0 urd d
035 ## - SYSTEM CONTROL NUMBER
System control number (BD-RjUL)84967
040 ## - CATALOGING SOURCE
Original cataloging agency BD-RjUL
Language of cataloging eng
Transcribing agency BD-RjUL
041 ## - LANGUAGE CODE
Language code of text/sound track or separate title urd
082 ## - DEWEY DECIMAL CLASSIFICATION NUMBER
Edition number 23
Classification number 891.55109
Author mark and year SAF 1981
100 ## - MAIN ENTRY--PERSONAL NAME
Personal name Safa, Zabihullah; صفا، ذبیح اللہ ؛
9 (RLIN) 15626
245 ## - TITLE STATEMENT
Title فارسي نثرکی تاریخی ;; History of Persian Prose /
Statement of responsibility, etc. ذبیح اللہ صفا ؛ ترجمہ شریف حسین قاسمی ;; Zabihullah Safa; Translated by Sharif Hussain Qasmi
260 ## - PUBLICATION, DISTRIBUTION, ETC. (IMPRINT)
Place of publication, distribution, etc. Delhi :
Name of publisher, distributor, etc. انڈو پردیش سوسائٹی ;; Indo Pradesh Society ,
Date of publication, distribution, etc. 1981
300 ## - PHYSICAL DESCRIPTION
Pagination 240 p. ;
Size 21 cm
650 ## - SUBJECT ADDED ENTRY--TOPICAL TERM
Topical term or geographic name as entry element Persian prose
Form subdivision History & Criticism
9 (RLIN) 15627
700 ## - ADDED ENTRY--PERSONAL NAME
Personal name Translated by Qasmi, Sharif Hussain. ; ترجمہ قاسمی، شریف حسین
942 ## - ADDED ENTRY ELEMENTS (KOHA)
Source of classification or shelving scheme Dewey Decimal Classification
Koha item type Books
Holdings
Lost status Source of classification or shelving scheme Damaged status Not for loan Collection code Permanent Location Current Location Shelving location Date acquired Source of acquisition Cost, normal purchase price Total Checkouts Full call number Date last seen Copy number Koha item type
  Dewey Decimal Classification   Not For Loan Non-fiction Central Library, University of Rajshahi Central Library, University of Rajshahi Reading Room 28/01/1985 Asiatic Thrugh Tulip 30.00   U 891.55109 SAF 1981 21/05/2025 C-1 Books